000 00227nam a22001097a 4500
082 _a822/KAR
100 _aKarnoor,Maithreyi
_981474
245 _aFour Plays
260 _aDelhi
_bSahitya Akademi
650 _aDrama
942 _cBK
999 _c65485
_d65485